| 000 | 00414nam a2200133Ia 4500 | ||
|---|---|---|---|
| 008 | 170516s9999 xx 000 0 und d | ||
| 245 | _aRadiologic Findings in Gabapentin-Induced Myositis | ||
| 260 | _bJournal of Radiology s | ||
| 260 | _c2017 | ||
| 300 | _a11:3 | ||
| 650 | _xRadiologic Technology | ||
| 650 | _xRadtech | ||
| 856 | _uhttp://www.radiologycases.com/index.php/radiologycases/issue/view/131/showToc | ||
| 999 |
_c332764 _d332764 |
||